| 000 | 00565nam1a22002171i 4500 | ||
|---|---|---|---|
| 001 | rc\762760 | ||
| 005 | 20240726053131.0 | ||
| 035 | _a(NLR Aleph) 006323029 | ||
| 090 |
_a7469082 _c7469082 |
||
| 100 | _a20040301g19859999u |0rusy50 ca | ||
| 101 | 0 | _arus | |
| 102 | _aRU | ||
| 105 | _ay ||||||||| | ||
| 200 | 1 |
_aНовая история _eУчеб. для сред. шк. |
|
| 205 | _a22-е изд. | ||
| 210 |
_aМ. _cПросвещение _d1985- |
||
| 215 | _d22 | ||
| 801 | 0 |
_aRU _bNLR _gpsbo |
|
| 801 | 1 |
_aRU _bELAR _2rusmarc |
|
| 852 |
_aNLR _j85-5/1522 |
||
| 942 | _cBOOK | ||